00820nam a2200217Ia 450000500170000000800410001702000230005804000190008104100120010008200160011224501600012826000650028830000150035350400190036865000200038770000310040785000100043894200070044899900170045595201300047220221208110153.0131103s9999 xx 000 0 und d a813531624cRs 1015 aLoreto College aEnglish a811.08bAXE 4aThe anthology of American poetryb Vol I : Traditions and revolutions, beginnings to 1900cEdited by Steven Gould Axelrod, Camille Roman, Thomas Travisano aNew Brunswick, NJ and LondonbRutgers University Pressc2003 axxxi,736p  aIncludes index aAmerican Poetry aAxelrod, Steven Gould4ed. aLCLIB cBK c19178d69657 00102ddc4070aMAINbMAINd2013-11-04l3m2o811.08 AXE 46306pB20108q2022-11-30r2022-11-23s2022-11-23w2013-11-04yBKf